|
|
|
|
| LEADER |
00000cam a2200000 a 4500 |
| 001 |
vtls008930276 |
| 003 |
SK-MaSNL |
| 005 |
20260302075546.0 |
| 008 |
240315s2004 xr a f 001 0 cze |
| 020 |
|
|
|a 8025103587
|q (viaz.)
|
| 035 |
|
|
|a LMAOSK29487
|
| 040 |
|
|
|a SNK
|b slo
|c SNK
|e AACR2
|
| 041 |
1 |
|
|a cze
|h eng
|
| 044 |
|
|
|a xr
|c CZ
|
| 072 |
|
7 |
|a 005
|x Manažment. Riadenie
|2 konspekt
|
| 080 |
|
|
|a 37.02
|2 2001
|
| 080 |
|
|
|a 377.44
|2 2001
|
| 080 |
|
|
|a 005.336
|2 2001
|
| 080 |
|
|
|a 005.95/.96
|2 2001
|
| 080 |
|
|
|a 005.591
|2 2001
|
| 080 |
|
|
|a (072)
|2 2001
|
| 100 |
1 |
|
|a Buckley, Roger,
|d 1938-
|4 aut
|9 742559
|
| 240 |
1 |
4 |
|a The theory & practice of training
|l Česky
|
| 245 |
1 |
0 |
|a Trénink a školení
|c Roger Buckley, Jim Caple ; [překlad Vilém Jungmann]
|
| 250 |
|
|
|a 1. vyd.
|
| 260 |
|
|
|a Brno
|b Computer Press
|c 2004
|
| 300 |
|
|
|a 288 s.
|b ilustr., schem.
|c 23 cm
|
| 490 |
1 |
|
|a Praxe manažera
|
| 500 |
|
|
|a Celkove 5. angl. vyd.
|
| 650 |
0 |
7 |
|a vzdelávanie zamestnancov
|2 SNKPH
|9 22193
|
| 650 |
0 |
7 |
|a didaktika
|2 SNKPH
|9 3484
|
| 650 |
0 |
7 |
|a učiaca sa organizácia
|2 SNKPH
|9 78325
|
| 650 |
0 |
7 |
|a personálny manažment
|2 SNKPH
|9 936
|
| 650 |
0 |
7 |
|a manažment zmeny
|2 SNKPH
|9 934
|
| 650 |
0 |
7 |
|a Employer-supported education
|2 SNKPHeng
|9 102842
|
| 650 |
0 |
7 |
|a Teaching
|2 SNKPHeng
|9 267199
|
| 650 |
0 |
7 |
|a Organizational learning
|2 SNKPHeng
|9 358951
|
| 650 |
0 |
7 |
|a Personnel management
|2 SNKPHeng
|9 265622
|
| 650 |
0 |
7 |
|a Management of change
|2 SNKPH
|9 323749
|
| 655 |
|
7 |
|a metodické príručky
|2 SNKPH
|9 70250
|
| 655 |
|
7 |
|a Methodical manuals
|2 SNKPHeng
|9 480049
|
| 700 |
1 |
|
|a Caple, Jim,
|d 1941-
|4 aut
|9 742560
|
| 700 |
1 |
|
|a Jungmann, Vilém
|4 trl
|9 314933
|
| 830 |
|
0 |
|a Praxe manažera
|9 400252
|
| 919 |
|
|
|a 80-251-0358-7
|
| 999 |
|
|
|c 1169713
|d 1171643
|
| 952 |
|
|
|t snkBUC 37.02
|a SNKUST
|b SNKUST
|y PREZ
|7 0
|p 17A0570301
|o snkIC 136460
|i snk2008/6851
|8 3
|g 19.75
|0 0
|1 0
|4 0
|d 2008-03-26
|l 0
|r 2025-04-28 00:00:00
|w 2026-02-24
|